000 04640nam a22002897a 4500
003 DO-SdBJH
005 20260330200200.0
008 260330b2025 |||||||| |||| 00| 0 spa d
040 _aDO-SdBJH
_bspa
_cDO-SdBJH
041 0 _aspa
090 _aCT MA-DHIH 0008
_bEGDDHH 2025
100 1 _aBidó Sánchez, Edgal
_esustentante
245 1 0 _aIncidencias de las políticas públicas de seguridad nacional en los derechos humanos en República Dominicana :
_benfoque en la migración irregular, 2022-2023 /
_cEdgal Bidó Sánchez, Sayna Aracelis Pinales García ; asesor de contenido Ramón Cuevas ; asesor metodológico Kelvin Encarnación González.
260 _aSanto Domingo, República Dominicana :
_bUNADE,
_c2025.
300 _axxxviii, 112, [12] páginas.
502 _aTesis y trabajos de grado (Maestría en Derechos Humanos y Derecho Internacional Humanitario)--Universidad Nacional para la Defensa "General Juan Pablo Duarte y Díez", Escuela de Graduados en Derechos Humanos y Derecho Internacional Humanitario, Santo Domingo, 2025.
504 _aIncluye referencias bibliográficas, apéndices y anexos.
505 _aFundamentos de los derechos humanos y los mecanismos de protección y supervisión para garantizar el respeto a las libertades individuales en República Dominicana -- Políticas públicas de seguridad nacional y su impacto en las libertades fundamentales en República Dominicana -- Incidencias en los Derechos humanos de las normas y protocolos utilizados por las fuerzas de seguridad en la implementación de políticas públicas de seguridad nacional contra la migración irregular en República Dominicana, durante el período 2022-2023.
520 _aLa presente investigación se trata de un análisis sobre la incidencia de la implementación de las políticas públicas de seguridad nacional en los derechos humanos en la Repûblica Dominicana: enfoque en la migración irregular durante el periodo 2022-2023. A nivel metodológico la investigación adopta un diseño no experimental de tipo descriptivo, de corte transversal con un enfoque cualitativo y la aplicación de razonamiento inductivo. La población objeto de estudios fueron ciudadanos dominicanos residentes en el pías, que realizaron estudios profesionales sobre el tema objeto de investigación; se extrajo una muestra de egresados de las especialidades en Seguridad y Defensa Nacional y en Derechos Humanos y Derecho Internacional Humanitario de la Universidad Nacional Para la Defensa y miembros de la fuerza de seguridad que laboran en la implementación de políticas publicas de seguridad nacional contra la migración irregular. Este análisis revelo que Republica Dominicana en materia de derechos humanos ha evolucionado significativamente, con el reconocimiento y ratificación de importantes instrumentos jurídicos de reconocimiento nacional e internacional, como es la implementación de un nuevo protocolo de interdicción contra la migración irregular, pero requiere que el Estado pueda implementar mecanismos de supervisión mas efectivos para prevenir violaciones a los derechos humano de personas en condición de vulnerabilidad. Se evidenció que en aplicación de políticas públicas de seguridad nacional contra la migración irregular se afectan derechos fundamentales, sin que sin que haya evidencia que esas afectaciones sean una política del Estado, sino mas bien, incidentes protagonizados por miembros de los organismos de seguridad encargados de hacer que se cumplan las políticas de seguridad impulsadas por el gobierno. Otro hallazgo de suma importancia es, la necesidad de fortalecer la formación integral por competencia y permanencia de los organismos de seguridad que laboran en las operaciones de interdicción contra la migración irregular, al los fines de que puedan implementar las medidas de manera equilibrada que permita para salvaguardar la seguridad nacional y al mismo tiempo garantizar el respeto a la dignidad humana.
650 7 _2lemb
_aDerechos humanos
_vTesis y disertaciones
_xProtección jurídica
_xSupervisión institucional
_y2022-2023
_zRepública Dominicana
650 7 _2lemb
_aSeguridad nacional
_vTesis y disertaciones
_xPolíticas públicas
_xImpacto en los derechos fundamentales
_y2022-2023
_zRepública Dominicana
650 7 _2lemb
_aMigración irregular
_vTesis y disertaciones
_xControl estatal
_xViolaciones de los derechos humanos
_y2022-2023
_zRepública Dominicana
700 1 _aPinales García, Sayna Aracelis
_esustentante
700 1 _aEncarnación González, Kelvin
_easesor metodológico
700 1 _aCuevas, Ramón
_easesor de contenido
942 _2CL
_cT
999 _c8626
_d8626